Multimédiá a využitie multimediálnych systémov pri animácii technických scén : Diplomová práca

Gespeichert in:
Bibliographische Detailangaben
1. Verfasser: Barborka, Jozef (Verfasst von)
Weitere Verfasser: Ahin, Mohamad Qasem (xxx)
Format: Manuskript Buch
Sprache:Slowakisch
Veröffentlicht: Trnava : STU v Bratislave MtF KAIA, 2002
Schlagworte:
Tags: Tag hinzufügen
Keine Tags, Fügen Sie das erste Tag hinzu!

MARC

LEADER 00000ntm a22000003a 4500
001 stu77833
005 20160719155031.7
008 021105s2002----xo------------------slo-d
040 |a STU  |b slo 
041 0 |a slo 
044 |a xo 
100 1 |a Barborka, Jozef  |4 aut 
245 1 |a Multimédiá a využitie multimediálnych systémov pri animácii technických scén :  |b Diplomová práca 
260 |a Trnava :  |b STU v Bratislave MtF KAIA,  |c 2002 
300 |a 71 s  |c abstr. 
650 7 |a multimediálne systémy  |2 stusub 
650 7 |a animácia technických scén  |2 stusub 
650 7 |a Aplikovaná informatika  |2 stusub 
700 1 |a Ahin, Mohamad Qasem  |4 xxx